000 00918nam a2200277Ia 4500
003 OSt
005 20220928125314.0
006 a|||||r|||| 00| 0
007 ta
008 220927b |||||||| |||| 00| 0 eng d
020 _c6036.3344999999999
024 _a100642
037 _b732, 20/10/2009, Ashutosh Technical Books
_cTextual
040 _aSDCL
_cSDCL
_beng
041 _2eng
_aeng
082 _aL11:f3, P9
100 _aLakshmipathy Uma Ed.
_9469136
245 0 _aEmerging technology platforms for stem cells.
260 _aNew Jersey
_bWiley
_c2009
300 _axvii,505p.
_ccm.
650 _aBiochemistry
700 _a Chesnut Jonathan D Ed.
_9469137
700 _a Thyagarajan Bhaskar Ed.
_9469138
942 _hL11:f3, P9
_cTEXL
_2CC
999 _c781827
_d781827